| Tag |
First Indicator |
Second Indicator |
Subfields |
| LEADER |
00000cam a2200000 i 4500 |
| 001 |
in00000062548 |
| 005 |
20151007083011.0 |
| 008 |
760622s1976 nyua b 00010 eng |
| 010 |
|
|
|a 75023546
|
| 020 |
|
|
|a 0671081047 :
|c $2.95
|
| 035 |
|
|
|a (OCoLC)02330827
|
| 035 |
|
|
|9 AAF8712AM
|
| 040 |
|
|
|a DLC
|c DLC
|d TXA
|d UtOrBLW
|
| 049 |
|
|
|a TXAS
|c [1102366]
|
| 050 |
0 |
0 |
|a PN1995.9.H6
|b D5
|
| 082 |
0 |
|
|a 791.43/0909/16
|
| 100 |
1 |
|
|a Dillard, R. H. W.
|q (Richard H. W.),
|d 1937-
|
| 245 |
1 |
0 |
|a Horror films /
|c R. H. W. Dillard.
|
| 264 |
|
1 |
|a New York :
|b Monarch Press,
|c [1976]
|
| 264 |
|
4 |
|c ©1976
|
| 300 |
|
|
|a xi, 129 pages :
|b illustrations ;
|c 24 cm.
|
| 336 |
|
|
|a text
|b txt
|2 rdacontent
|
| 337 |
|
|
|a unmediated
|b n
|2 rdamedia
|
| 338 |
|
|
|a volume
|b nc
|2 rdacarrier
|
| 490 |
1 |
|
|a Monarch film studies
|
| 504 |
|
|
|a Bibliography: pages 117-128.
|
| 650 |
|
0 |
|a Horror films
|x History and criticism.
|
| 830 |
|
0 |
|a Monarch film studies.
|
| 999 |
|
|
|a MARS
|
| 999 |
f |
f |
|s 8857250c-eb62-3b79-99b1-181b945a2be5
|i 52158277-58b1-3e84-9cd1-5177ca9b2729
|t 0
|
| 952 |
f |
f |
|p noncirc
|a Texas A&M University
|b College Station
|c Cushing Memorial Library & Archives
|d Cushing: Science Fiction (Does not check out)
|t 0
|e PN1995.9.H6 D5
|h Library of Congress classification
|i unmediated -- volume
|m A14800383528
|
| 998 |
f |
f |
|a PN1995.9.H6 D5
|t 0
|l Cushing: Science Fiction (Does not check out)
|